000 00413 a2200145 4500
005 20250613082436.0
020 _a978-0-07-340397-7
082 _a657.48WIL
100 _aWILD. J. J.
245 _aFinancial Accounting Fundamentals
250 _a2007 Ed.
260 _aNew York,
_bMcGraw-Hill Irwin,
_c2007.
300 _axxvi,578p.:ill.;pictures, charts,tables
_bAppendix, Glossary, Index
_c27cm
942 _2ddc
_cBKS
999 _c3573
_d3573